000 01258nam a2200349 a 4500
001 000111080
003 CHAP
005 20220329144157.0
008 141201s2014 mx a |r| |||||||spa d
010 _a107542
011 _a108514
020 _a9786071203342
040 _cCHAP
090 _aFolleto 18491
100 0 0 _aSerrato Cruz, Miguel Angel.
_9105270
245 1 0 _aExtracción de aceite esencial de la 'chik chawua' (Tagetes nelsonii greenm.), endémica de los Altos de Chiapas, para obtención de bioplaguicidas y de medicamentos y como parte de una estrategia para la conservación in situ en la región :
_bpropuesta /
_cpor Miguel Ángel Serrato Cruz.
260 _aChapingo, Méx :
_bUniversidad Autónoma Chapingo,
_c2014.
300 _a7 p.
490 1 _aRed cempoalxóchitl
590 _aE5995AHE
_b05
_c20141201
_lUCH01
_h1417
590 _aE5995AHE
_b05
_c20141201
_lUCH01
_h1422
590 _aE5995AHE
_b05
_c20141202
_lUCH01
_h0822
650 1 4 _aAceites esenciales.
_9455
650 1 4 _aAsteraceae.
_98170
650 1 4 _aCultivos
_xPlagas.
_930305
650 1 4 _aMedicina tradicional.
_973921
650 1 4 _aPesticidas biológicos.
_987573
830 0 _aRed cempoalxóchitl
_9128882
901 _aBK
942 _cFOLL
942 _n0
999 _c107542
_d107542